The A to Z of mathematics : A basic guide

Bibliographic Details
Main Author: Sidebotham, Thomas H.
Format: Book
Published: New york : John wiley & sons Inc , 2002
Subjects:

MARC

LEADER 00000cam a2200000 7i4500
001 0000013755
005 20050425.0
020 |a 0471150452 
040 |a INS 
090 0 0 |a QA93   |b S49 2002 
100 1 |a Sidebotham, Thomas H. 
245 1 4 |a The A to Z of mathematics :   |b A basic guide   |c Thomas H. Sidebotham 
260 |a New york :   |b John wiley & sons Inc ,   |c 2002 
300 |a vii :   |b 474p ;   |c 23cm. 
650 0 0 |a Mathematics 
999 |a 0000010926   |b BOOK   |c Open Shelf   |e Default branch